5HLuxD.jpg

KING HENRY VIII SENIOR AND PRIMARY SCHOOL LIBRARY OPAC

Chinese made easy. Listening exercises 2: (Record no. 1854)

000 -LEADER
fixed length control field 00952nam a22002417a 4500
005 - DATE AND TIME OF LATEST TRANSACTION
control field 20230209095346.0
008 - FIXED-LENGTH DATA ELEMENTS--GENERAL INFORMATION
fixed length control field 230209b ||||| |||| 00| 0 eng d
020 ## - INTERNATIONAL STANDARD BOOK NUMBER
International Standard Book Number 9789620446085
040 ## - CATALOGING SOURCE
Transcribing agency KH8
082 ## - DEWEY DECIMAL CLASSIFICATION NUMBER
Classification number 495.1 MA
100 ## - MAIN ENTRY--PERSONAL NAME
Personal name Ma,Yamin
Relator term author
245 ## - TITLE STATEMENT
Title Chinese made easy. Listening exercises 2:
Remainder of title simplified character version/
Statement of responsibility, etc. Yamin Ma, Xinying Li
250 ## - EDITION STATEMENT
Edition statement 3rd edition
260 ## - PUBLICATION, DISTRIBUTION, ETC.
Place of publication, distribution, etc. Hong Kong:
Name of publisher, distributor, etc. Joint Publishing (H.K.) Co., Ltd.,
Date of publication, distribution, etc. 2020.
300 ## - PHYSICAL DESCRIPTION
Extent 43 p.
Dimensions 24 cm.
500 ## - GENERAL NOTE
General note Chinese Made Easy adopts a unique approach to teaching Chinese as a foreign/second language. The teaching approach adapts widely-accepted foreign teaching theories to the teaching of the Chinese language
650 ## - SUBJECT ADDED ENTRY--TOPICAL TERM
Topical term or geographic name entry element Chinese language
650 ## - SUBJECT ADDED ENTRY--TOPICAL TERM
Topical term or geographic name entry element Chinese language Listening (Primary) Juvenile literature
650 ## - SUBJECT ADDED ENTRY--TOPICAL TERM
Topical term or geographic name entry element Chinese language Vocabulary
650 ## - SUBJECT ADDED ENTRY--TOPICAL TERM
Topical term or geographic name entry element Problems and Exercises
700 ## - ADDED ENTRY--PERSONAL NAME
Personal name Li, Xinying
Relator term author
942 ## - ADDED ENTRY ELEMENTS (KOHA)
Source of classification or shelving scheme
Koha item type Teaching Resources
Holdings
Withdrawn status Lost status Source of classification or shelving scheme Damaged status Not for loan Collection code Permanent Location Current Location Shelving location Date acquired Total Checkouts Full call number Barcode Date due Date last seen Date last checked out Price effective from Koha item type
          Teaching Resources KH8 Senior School Library KH8 Senior School Library Staff Office 2023-02-09 3 495.1 MA TRKHSL000365 2026-07-03 2025-09-08 2025-09-08 2023-02-09 Teaching Resources

Powered By KH8 IT Dept